000 00650nam a22002297a 4500
005 20170124110056.0
010 _aB-059510
020 _c00.00
035 _aB-059510
037 _bCen. Lib./Ret.
040 _aDPL
_bEN
082 _a954.7
_bBHI
100 _aBhim, Singh
_920065
245 _aIraq :
_cby Bhim Singh
_ba heroic resistance /
260 _aNew Delhi
_bHar Anand Publications
_c2001
270 _aD-9, Anand Niketan
_bNew Delhi
_e110021
300 _a272p. :
_c21cm(Hb)
500 _aIncludes index
650 _aIraq -- History -- 1958-
_926388
650 _aIraq
_926389
942 _2ddc
_cEN
_h954.7
_mBHI
999 _c129446
_d129446